| 000 | 00654nam a2200193 a 4500 | ||
|---|---|---|---|
| 005 | 20140412111227.0 | ||
| 008 | 020410s19uu xx 00 eng d | ||
| 020 | _a0-15-330071-X | ||
| 050 |
_aTR(GS 428.6 _bC898We HBJ L.6 1989 |
||
| 100 | _aCullinan, Bernice E. | ||
| 245 |
_aWeather vanes, level 6 : _bstudy book reading activities / _cBernice E. Cullinan, Roger C. Farr, W. Dorsey Hammond, Nancy L. Roser, Dorothy Strickland. |
||
| 250 | _aLaureate Ed. | ||
| 260 |
_aOrlando : _bHarcourt Brace Jovanovich, Publihsers, _c1989. |
||
| 300 | _a126 p. | ||
| 440 | _aHBJ Reading Program | ||
| 650 | _aReading | ||
| 650 | _aWork book | ||
| 999 |
_c102071 _d102071 |
||